00290pam a2200121 a 4500020000500000041000500005082001300010100001900023245004900042250001100091260005500102300001100157 c h a658bKAN aKanter, Jerome aManaging With InformationhTextual Documents a4th ed aNew DelhibPrentice Hall International Indiac2002 aXX/444